Practical field geology /

Bibliographic Details
Main Author: Farrell, J. H. (John Herbert), 1885-
Other Authors: Moses, Alfred Joseph, 1859-1920
Format: Book
Language:English
Published: New York [etc.] : McGraw-Hill book company, 1912.
Subjects:

MARC

Tag First Indicator Second Indicator Subfields
LEADER 00000cam a2200000 4500
001 in00000307240
005 20151010143700.0
008 761027s1912 nyuaf 00010 eng d
010 |a  12018824  
035 |a (OCoLC)02534248 
035 |9 ABH5661AM 
040 |a DLC  |c YDM  |d TXA  |d UtOrBLW 
049 |a TXAM  |c [380319] 
050 0 0 |a QE28  |b .F3 
100 1 |a Farrell, J. H.  |q (John Herbert),  |d 1885- 
245 1 0 |a Practical field geology /  |c by J. H. Farrell including a guide to the sight recognition of one hundred and twenty common or important minerals, by Alfred J. Moses. 
264 1 |a New York [etc.] :  |b McGraw-Hill book company,  |c 1912. 
300 |a xi, 273 pages :  |b illustrations, folded plate, IV folded tables, diagrams ;  |c 19 cm. 
336 |a text  |b txt  |2 rdacontent 
337 |a unmediated  |b n  |2 rdamedia 
338 |a volume  |b nc  |2 rdacarrier 
650 0 |a Geology. 
650 0 |a Mineralogy. 
700 1 |a Moses, Alfred Joseph,  |d 1859-1920. 
999 |a MARS 
999 f f |s 576f3880-91a3-3ebe-9151-e2ddbb331247  |i a02c0c52-a314-3d86-aca1-8ef726fd8b64  |t 0 
952 f f |p ric  |a Texas A&M University  |b Rellis Campus  |c Joint Library Facility  |s JLF  |d Remote Storage  |t 0  |e QE28 .F3  |h Library of Congress classification  |i unmediated -- volume  |m A14804744093 
998 f f |a QE28 .F3  |t 0  |l Remote Storage